1618 1211 1897 1777 1291 1932 1168 1186 1404 1706 1150 1923 1624 1595 1244 1268 1453 1043 1760 1901 1023 1604 1460 1848 1622 1371 1698 1286 1513 1403 1851 1619 1152 1655 1483 1964 1387 1698 1358 1712 1098 1751 1376 1117 1919 1646 1192 1073 1929 1256 1283 1917 1788 1517 1159 1124 1312 1053 1913 1578 1692 1601 1489 1228 1402 1829 1705 1355 1360 1638 1101 1777 1638 1102 1001 1382 1904 1577 1658 1811 1290 1745 1385 1488 1973 1264 1888 1489 1871 1075 1271 1565 1440 1569 1947 1157 1018 1233 1002 BCNSPRNW ULIB Ver.6.0+V

เปลี่ยนเป็นภาษาไทย

Change to English
 แสดงรายละเอียดบรรณานุกรม
  กลับหน้าหลัก

Brief Record : Get Marc (ISO 2709) : E-mail record : QR code < ปิดหน้าต่าง
LEADER : 00000nam 2200000uu 4500
001    13399126315
003     ULIB
008    180905s2561||||th 000 0 tha d
020    ^a9786169163169
060    ^aWH100^bช35s
100    ^aชินดล วานิชพงษ์พันธุ์และคณะ, บก
245    ^aSymptomatology & Laboratory Interpretation in Hematology/^bชินดล วานิชพงษ์พันธุ์และคณะ, บก
250    ^aพิมพ์ครั้งที่ 1
260    ^aกรุงเทพฯ :^bคณะอนุกรรมการมะเร็งเม็ดเลือดขาวแบบเฉียบพลันในผู้ใหญ่ สมาคาโลหิตวิทยาแห่งประเทศไทย,^c2561
300    ^a234 หน้า
650    ^aมะเร็ง
650  0 ^aHematology
945    ^p350^l0^i004534
945    ^p350^l0^i004535
945    ^p350^l0^i004532
999    ^aประนอม เกษจรัล
รายการนี้ยังไม่มีแท็ก
คุณยังไม่ได้ล็อกอิน คุณสามารถมีกิจกรรมร่วมกับเว็บไซต์ได้ แต่ต้องล็อกอินก่อน ::
  ล็อกอิน

รายการสื่อสารสนเทศ

ลำดับที่ ประเภท เลขเรียก/บาร์โค้ด สถานที่ สถานะ
1. วิทยาศาสตร์การแพทย์ และสุขภาพ
หนังสือสำรอง
สถานะ=หนังสือสำรอง
WH100 ช35s ฉ.1 
  Barcode: 004532
ห้องสมุดวิทยาเขตสวรรค์ประชารักษ์
►หนังสือทั่วไป
บนชั้น
2. วิทยาศาสตร์การแพทย์ และสุขภาพ
วิทยาศาสตร์การแพทย์ และสุขภาพ
WH100 ช35s ฉ.2 
  Barcode: 004534
ห้องสมุดวิทยาเขตสวรรค์ประชารักษ์
►หนังสือทั่วไป
บนชั้น
3. วิทยาศาสตร์การแพทย์ และสุขภาพ
วิทยาศาสตร์การแพทย์ และสุขภาพ
WH100 ช35s ฉ.3 
  Barcode: 004535
ห้องสมุดวิทยาเขตสวรรค์ประชารักษ์
►หนังสือทั่วไป
บนชั้น

รายการใกล้เคียง
    ผู้แต่ง [ชินดล วานิชพงษ์พันธุ์และคณะ, บก]

    หัวเรื่อง [มะเร็ง]
    หัวเรื่อง [Hematology]

BibComment


ยังไม่เคยถูกคอมเมนท์

คอมเมนท์ทรัพยากรรายการนี้
  คอมเมนท์: Symptomatology ..


 Copyright 2026. Bcnsprnw @Library